Writing Lives (Record no. 9270)
[ view plain ]
| 000 -LEADER | |
|---|---|
| fixed length control field | 00354 a2200133 4500 |
| 020 ## - INTERNATIONAL STANDARD BOOK NUMBER | |
| International Standard Book Number | 9781779222701 |
| 005 - DATE AND TIME OF LATEST TRANSACTION | |
| control field | 20191017172721.0 |
| 084 ## - OTHER CLASSIFICATION NUMBER | |
| Classification number | MLCS 2013/01353 (P) |
| 245 ## - TITLE STATEMENT | |
| Title | Writing Lives |
| Medium | |
| 260 ## - PUBLICATION, DISTRIBUTION, ETC. | |
| Place of publication, distribution, etc. | rh |
| Date of publication, distribution, etc. | 2013 |
| 300 ## - PHYSICAL DESCRIPTION | |
| Extent | ix, 96 pages |
| Other physical details | 21 cm |
| Dimensions | ix, 96 pages ; 21 cm |
| 500 ## - GENERAL NOTE | |
| General note | edited by Irene Staunton. |
| 650 ## - SUBJECT ADDED ENTRY--TOPICAL TERM | |
| Topical term or geographic name entry element | ENGLISH LITERATURE |
| 700 ## - ADDED ENTRY--PERSONAL NAME | |
| Personal name | Staunton, Irene |
No items available.